00658nam a2200181 i 450000100060000000300090000600500170001500700030003200800410003510000430007624500960011926000530021530000200026870000250028885200240031399900170033795201220035478794ES-MaACL20230906173822.0t|041018s1928 sp ||||1| spa d1 aHegel, Georg Wilhelm Friedrich.96231610aFilosofía de la Historia Universal / cG.W.F. Hegel ; traducido del alemán por J. Gaos. aMadrid : b[s.n., c1928] (fImp. Ciudad Lineal) a2 v. ; c24 cm.0 aGaos, José.953902 aES-MaACLjB-551-552 c78794d78794 00104070aATENEOMbATENEOMcSPBd2008-01-17eSCl0oB-551-552p1082407r2023-02-23 00:00:00w2023-02-23yMONOGRAFIA